000 00240nam a22000857a 4500
008 160912b xxu||||| |||| 00| 0 eng d
100 _9400
_aAggarwal.R.S. etal
245 _aComposide Mathematics-1
260 _aNew Delhi
_bS.Chand Publications
_c2012
999 _c3058
_d3058